00667 2200253 4500001002100000005001500021035002000036035002000056100001700076245006600093260004800159300002500207440002100232850001200253040001700265084001400282090001600296082001200312041000800324007000300332008004100335650001900376990001800395INLIS00000000084422520190112055030 a0010-0119000597 a0010-01190004191 aTrend, J. B.0 aBolivar and the independence of Spanish America /cJ.B. Trend3 aLondon :bHodder & Stoughton Limited,c1946 a287 halaman ;c18 cm aSerie ;vno. 566 aYOPDYOG aYOPDYOGbind a823 TRE b aL 823 TRE b04223a8230 aengta190112 f eng  4aSastra Inggris a62444-PD/A.18